| 000 | 00431nab a2200145Ia 4500 | ||
|---|---|---|---|
| 003 | ES-SlBCS | ||
| 005 | 20210601124327.0 | ||
| 008 | 140529s1996 xxu||||| |||| 00| 0 eng d | ||
| 041 | _aeng | ||
| 100 | 1 |
_aWinch, Christopher _9139817 |
|
| 245 | 0 | 0 |
_aRousseau on Learning: A Re-evaluation _c Christopher Winch |
| 600 | 1 | 4 |
_aRousseau _916777 |
| 773 | 0 |
_tEducational Theory _gvol. 46, nº. 4, 1996, págs. 415-428 _wRev1399 |
|
| 942 | _cAR | ||
| 999 |
_c512996 _d512996 |
||